000 00448nam a2200169Ia 4500
003 0STCL
008 150530s9999 xx 000 0 und d
040 _aSTCL
_cSTCL
100 _aOrwell; Orwell, S.; Angus; Editor
245 _aCollected essays journalism and letters of George Orwell vol-1 1920-1940
250 _aFirst
260 _bPenguin books
_c1982
546 _aEnglish
942 _2ddc
_cBK
999 _c60488
_d60488
005 20220125171136.0